Náklady, kalkulace a ceny v zemědělství Vybrané partie

Gespeichert in:
Bibliographische Detailangaben
1. Verfasser: Brčák, Antonín
Körperschaft: Vysoká škola ekonomická v Praze. Fakulta řízení
Format: Buch
Sprache:Tschechisch
Veröffentlicht: Praha Státní pedagogické nakladatelství 1988
Ausgabe:2. přeprac. vyd.
Tags: Tag hinzufügen
Keine Tags, Fügen Sie das erste Tag hinzu!

MARC

LEADER 00000nam a2200000 4500
001 c038180
005 20221219085356.8
041 0 |a cze 
044 |a CZ 
245 1 0 |a Náklady, kalkulace a ceny v zemědělství  |b Vybrané partie  |c Antonín Brčák 
250 |a 2. přeprac. vyd. 
264 1 |a Praha  |b Státní pedagogické nakladatelství  |c 1988 
300 |a 218 s. 
100 1 |a Brčák, Antonín 
710 2 |a Vysoká škola ekonomická v Praze. Fakulta řízení